PHARMACOPOEIAL STANDARDA FOR AYURVEDIC FORMULATION (Record no. 767727)

MARC details
000 -LEADER
fixed length control field 00417nam a2200157Ia 4500
008 - FIXED-LENGTH DATA ELEMENTS--GENERAL INFORMATION
fixed length control field 230725s1987 xx 000 0 und d
041 ## - LANGUAGE CODE
Language code of text/sound track or separate title eng
082 ## - DEWEY DECIMAL CLASSIFICATION NUMBER
Classification number 611
245 ## - TITLE STATEMENT
Title PHARMACOPOEIAL STANDARDA FOR AYURVEDIC FORMULATION
260 ## - PUBLICATION, DISTRIBUTION, ETC.
Name of publisher, distributor, etc. CENTRAL COUNCIAL FOR RESEARCH IN AYURVEDIC
Date of publication, distribution, etc. 1987
300 ## - PHYSICAL DESCRIPTION
Extent 616
500 ## - GENERAL NOTE
General note TEXT BOOK
501 ## - WITH NOTE
With note PGY
520 ## - SUMMARY, ETC.
Summary, etc. PB
650 ## - SUBJECT ADDED ENTRY--TOPICAL TERM
Topical term or geographic name entry element PHARMACOGNOSY & PHYTHOCHEMISTRY

No items available.